000 00509nmm a2200169Ia 4500
008 251105s9999||||xx |||||||||||||||||und||
020 _a9788484898139
041 _aspa
100 _aStrosetzki, Christoph (ed.)
245 0 _aLa autoridad de la Antigüedad
264 _a[Madrid, España] :
_bIberoamericana Vervuert,
_c2014
300 _a208 páginas
490 _aBiblioteca Áurea Hispánica
650 _aSpanish literature
856 _uhttps://public.digitaliapublishing.com/a/56688
942 _cCF
999 _c86827
_d86827